Cameron Diaz Movies Quiz Stats

 Plays Quiz Updated Jan 1, 2020

Support Sporcle.
Go Orange.
Score 0/37 Timer 08:00
1 Play Today
Year Movie % Correct
2001Shrek
93.3%
2004Shrek 2
91.1%
2007Shrek the Third
88.9%
1998There's Something About Mary
73%
2000Charlie's Angels
72.4%
1994The Mask
60.2%
2003Charlie's Angels: Full Throttle
59.3%
2010Shrek Forever After
47.6%
2006The Holiday
44.5%
2014Annie
38.9%
2009My Sister's Keeper
34.9%
2008What Happens in Vegas
32.7%
2005In Her Shoes
32.5%
2002The Sweetest Thing
31.4%
1997My Best Friend's Wedding
30.8%
2014Sex Tape
28.2%
2014The Other Woman
27.1%
2001Vanilla Sky
24.9%
2009The Box
24.3%
Year Movie % Correct
2010Knight and Day
22.5%
2011Bad Teacher
21.9%
2002Gangs of New York
19.8%
1999Being John Malkovich
17.2%
2012What to Expect When You're Expecting
17.2%
1999Any Given Sunday
17.1%
2013The Counselor
13.5%
1996She's the One
9.4%
1996Feeling Minnesota
9.2%
2000Things You Can Tell Just by Looking at Her
9.2%
1998Very Bad Things
8.7%
1997A Life Less Ordinary
8.6%
1998Fear and Loathing in Las Vegas
7.9%
1995The Last Supper
7.8%
1996Head Above Water
6.6%
2011The Green Hornet
5.7%
2001The Invisible Circus
5.7%
1997Keys to Tulsa
5.5%

From the Vault

One Year Earlier

by Hejman

History 6m
Sometimes history misses it by THAT much.
Remove Ads.
Support Sporcle.
Get the best of Sporcle when you Go Orange. This ad-free experience offers more features, more stats, and more fun while also helping to support Sporcle. Thank you for becoming a member.

Show Comments

Extras

Top Quizzes Today


Score Distribution

Your Account Isn't Verified!

In order to create a playlist on Sporcle, you need to verify the email address you used during registration. Go to your Sporcle Settings to finish the process.

Report this User

Report this user for behavior that violates our Community Guidelines.

Details: